000 00453cam a2200181 4500
001 D13793
008 090401t1904 xxu||||| |||| 00| 0 eng d
035 _a(Sirsi) u94530
041 _aeng
100 _aRyde, Walter C
245 4 _aThe law and practice of rating both within and without the metropolis
250 _a2nd
260 _aLondon
_bButterworth & Shaw
_c1904
350 _a0
520 _aShelf 134
942 _n0
948 _c04/03/1997
999 _c98072
_d98072